000 01128nas a2200397 4500
001 BR0700794
003 BR-BrBNA
005 20231205110550.0
007 ta
008 230509b bl.|||p| |||| 00| 00por d
040 _aBR-BrBNA
_bpor
_cBiblioteca Nacional de Agricultura
041 _a(Pt)
072 _aL70
100 1 _aFaria, G.A.
100 1 _aRezende, A.S.C.
100 1 _aSampaio, I.B.M.
100 1 _aLana, A.M.Q.
100 1 _aMoura, R.S.
100 1 _aMadureira, J.S.
100 1 _aResende, M.C.
245 1 _aComposição química dos cascos de eqüinos das raças Pantaneira e Mangalarga Marchador
650 _aÉGUA
650 _aRAÇA
650 _aMANGA LARGA
650 _aCASCO
650 _aCOR
650 _aANÁLISE QUÍMICA
650 _aCOMPOSIÇÃO QUÍMICA
650 _aPROTEÍNA
650 _aAMINOÁCIDO
650 _aBIOTINA
650 _aVETERINÁRIA
773 0 _tArquivo Brasileiro de Medicina Veterinária e Zootecnia (Brazil)
_xISSN 1678-4162
_g(Oct 2005), v. 57(5) p. 697-701
_wBR0700794
909 _a202311
_bLúcia
_c55
_dLúcia Elande
942 _2AGRIS
_n0
_cANA
999 _c187949
_d187949